| 000 | 00522cam a2200205ua 4500 | ||
|---|---|---|---|
| 001 | 9938 | ||
| 005 | 20260515114539.0 | ||
| 008 | 161108n ii |||gr||||Z||||||eng | ||
| 040 | _cMAIN | ||
| 041 | _aeng | ||
| 082 | _a305.23 | ||
| 100 |
_aHazarika, Niru, _eAuthor. |
||
| 245 | 0 |
_aProfile of youth organisations on North East India _cBy Niru Hazarika |
|
| 250 |
_a1st ed. / _bV.1. |
||
| 260 |
_aGuwahati: _bVVRIMSR, _c1998. |
||
| 300 | _a316p. | ||
| 653 | _aSocial groups | ||
| 653 | _aYouth organisation | ||
| 942 | _cBK | ||
| 999 |
_c8937 _d8937 |
||